[Event "URU-chTA"]
[Site "Montevideo"]
[Date "2016.09.23"]
[Round "1.34"]
[White "Verguier, Jose"]
[Black "Larrea, Osvaldo"]
[Result "1-0"]
[WhiteElo "1891"]
[BlackElo "1777"]
[PlyCount "79"]
[EventDate "2016.09.23"]
[EventType "team-swiss"]
[EventRounds "5"]
[EventCountry "URU"]
[SourceTitle "EXT 2018"]
[Source "ChessBase"]
[SourceDate "2017.10.13"]
[SourceVersion "1"]
[SourceVersionDate "2017.10.13"]
[SourceQuality "1"]

1. c4 f5 2. Nc3 Nf6 3. g3 e6 4. Bg2 Bb4 5. d3 Nc6 6. Bd2 b6 7. a3 Bxc3 8. Bxc3 0-0 9. Nf3 Bb7 10. 0-0 Qe8 11. b4 Qh5 12. e3 Nd8 13. Bxf6 gxf6 14. Nd4 Qxd1 15. Rfxd1 Bxg2 16. Kxg2 c6 17. f4 Nf7 18. a4 a5 19. b5 c5 20. Nf3 Rfe8 21. Rac1 d6 22. d4 Kf8 23. d5 Ke7 24. dxe6 Kxe6 25. Rd5 Nh6 26. Nh4 Ra7 27. Re1 Rg7 28. Kf3 Rd7 29. h3 Kf7 30. Red1 Ke6 31. R1d3 Rg8 32. e4 fxe4+ 33. Kxe4 Re8 34. g4 Kf7+ 35. Kf3 Red8 36. Rh5 Kg7 37. Rdd5 Rf8 38. g5 Ng8 39. Nf5+ Kh8 40. g6 1-0